[Event "European Online CC GpH"]
[Site "Tornelo INT"]
[Date "2021.03.27"]
[Round "1.5"]
[Board "4"]
[White "Hald Falkesgaard, Jeppe"]
[Black "Arndt, Magnus"]
[Result "1-0"]
[WhiteElo "1986"]
[BlackElo "2282"]
[WhiteTeam "Bronshoj Skakforening"]
[BlackTeam "SK Doppelbauer Kiel von 1910 e.V."]
[WhiteFideId "1464981"]
[BlackFideId "12998656"]
[EventDate "2021.03.27"]
[EventType "team"]

1. c4 Nf6 2. Nc3 e6 3. d4 Bb4 4. e3 O-O 5. Bd3 d5 6. Ne2 Re8 7. O-O Nbd7 8. Nf4
c6 9. cxd5 exd5 10. Qc2 Nf8 11. Nce2 Qe7 12. Ng3 Ng6 13. Nxg6 hxg6 14. Bd2 Bd6
15. a3 Bd7 16. Qb3 Ng4 17. Bb4 Bxb4 18. Qxb4 Qh4 19. h3 Nxe3 20. fxe3 Qxg3 21.
Rf3 Qc7 22. Raf1 Be6 23. Qe1 c5 24. Qh4 cxd4 25. exd4 a6 26. Qg5 Rac8 27. Rf4
Qd8 28. Qg3 Rc6 29. Rh4 Rf8 30. Rhf4 Qe7 31. Bxg6 Rcc8 32. Bd3 Bd7 33. Rh4 f5
34. Rhf4 Bb5 35. Bxb5 axb5 36. Rxf5 Rxf5 37. Rxf5 Qe4 38. Qg4 Qe1+ 39. Kh2 Rc1
40. Qf3 Qg1+ 41. Kg3 Qe1+ 42. Kg4 Qe4+ 43. Qxe4 dxe4 44. Rxb5 Rc2 45. Kg3 Rc7
46. Re5 Rc2 47. Rxe4 Rxb2 48. Kf3 Kf7 49. g4 Rb3+ 50. Re3 Rb2 51. Kf4 Rd2 52.
Ke5 Ke7 53. Rb3 Re2+ 54. Kd5 Kf6 55. Rxb7 Re3 56. Rb6+ Kf7 57. h4 Rxa3 58. Rb7+
Kf6 59. Rb6+ Kf7 60. Ke5 Re3+ 61. Kf4 Rd3 62. Rd6 Ke7 63. Rd5 Ke6 64. Re5+ Kf7
65. Ke4 Rg3 66. Rf5+ Ke7 67. Rf4 Rg1 68. Ke5 g6 69. d5 Re1+ 70. Re4 Rh1 71. g5
Rf1 72. d6+ Kd7 73. Rf4 Re1+ 74. Kf6 Re6+ 75. Kf7 Rxd6 76. Rf6 Rd4 77. Kxg6 Rxh4
78. Kf7 Rh7+ 79. Kg8 Rh5 80. g6 Ke7 81. Kg7 Rh1 82. Rf2 Rg1 83. Re2+ Kd7 84. Kf7
Rf1+ 85. Kg8 Rg1 86. g7 Kd6 87. Rh2 Ke7 88. Kh8 1-0

[Event "European Online CC GpH"]
[Site "Tornelo INT"]
[Date "2021.03.27"]
[Round "4.1"]
[Board "3"]
[White "Sertbay, Huseyin"]
[Black "Appendino, Jerome"]
[Result "1/2-1/2"]
[WhiteElo "2101"]
[BlackElo "2175"]
[WhiteTeam "Canakkale TSK"]
[BlackTeam "Echiquier de Franconville"]
[WhiteFideId "6334180"]
[BlackFideId "609730"]
[EventDate "2021.03.27"]
[EventType "team"]

1. d4 d5 2. c4 c6 3. cxd5 cxd5 4. Bg5 Nc6 5. Nc3 h6 6. Bh4 g5 7. Bg3 Bg7 8. e3
Nf6 9. Bd3 Qa5 10. Ne2 a6 11. Nc1 b5 12. Nb3 Qb6 13. h4 g4 14. h5 O-O 15. Rc1
Na5 16. Bb1 Nc4 17. Qc2 Bb7 18. Nc5 Rfc8 19. Bh4 Ne4 20. Bxe7 Re8 21. N5xe4 dxe4
22. Bc5 Qc7 23. Qe2 f5 24. b3 Ne5 25. Ba3 Qa5 26. Bc5 Nd3+ 27. Bxd3 exd3 28.
Qxd3 Bxg2 29. Rg1 Be4 30. Qd2 Bb7 31. Ne2 Qd8 32. Nf4 Rc8 33. b4 Bf3 34. Kf1 Qd7
35. Qd3 Qf7 36. Qb3 Qxb3 37. axb3 Kf7 38. Ra1 Rc6 39. Ke1 Bf8 40. Kd2 Bd6 41.
Ng6 Bd5 42. Bxd6 Rxd6 43. Ne5+ Kf6 44. Rgc1 Bxb3 45. Ke1 Bd5 46. Rc7 Kg5 47.
Rg7+ Kxh5 48. Kd2 Rxe5 49. dxe5 Re6 50. f4 Be4 51. Ra2 Kh4 52. Ke2 g3 53. Ra7 g2
54. Kf2 Rc6 55. R7xa6 Rc1 56. Rxh6+ Kg4 57. Rg6+ Kh3 58. Ra7 Rc2+ 59. Ke1 Kh2
60. Rh7+ Kg1 61. Rhg7 Bf3 62. e6 Re2+ 63. Kd1 Rxe3+ 64. Kd2 Re2+ 65. Kd3 Kf1 66.
e7 Bg4 67. Rxg4 fxg4 68. Rxg4 Rxe7 69. f5 g1=Q 70. Rxg1+ Kxg1 71. Kd4 Kf2 72. f6
Re6 73. Kc5 Rxf6 74. Kxb5 Ke3 75. Kc5 Ke4 76. b5 Ke5 77. b6 Rf1 78. b7 Rb1 79.
Kc6 Ke6 80. Kc7 Rc1+ 81. Kd8 Rb1 82. Kc8 Kd6 83. b8=Q+ Rxb8+ 84. Kxb8 1/2-1/2

[Event "European Online CC GpH"]
[Site "Tornelo INT"]
[Date "2021.03.28"]
[Round "6.3"]
[Board "3"]
[White "Kuzubov, Yuriy"]
[Black "Aabling-Thomsen, Jakob"]
[Result "1-0"]
[WhiteTitle "GM"]
[BlackTitle "IM"]
[WhiteElo "2642"]
[BlackElo "2348"]
[WhiteTeam "Greco-Notary Chess Team"]
[BlackTeam "Bronshoj Skakforening"]
[WhiteFideId "14112906"]
[BlackFideId "1407589"]
[EventDate "2021.03.27"]
[EventType "team"]

1. d4 Nf6 2. Nf3 g6 3. Nbd2 Bg7 4. e4 d6 5. Be2 O-O 6. O-O Nc6 7. c3 e5 8. dxe5
dxe5 9. Re1 h6 10. Qc2 Nh5 11. Bb5 Qf6 12. Nf1 Bg4 13. N3d2 a6 14. Ba4 Nf4 15.
f3 Be6 16. Bb3 Rad8 17. Ne3 h5 18. Ndf1 Bh6 19. Bxe6 fxe6 20. Rd1 Qg5 21. g3
Rxd1 22. Nxd1 h4 23. Nf2 hxg3 24. hxg3 Kg7 25. Ng4 Rh8 26. gxf4 exf4 27. Nh2 Qh5
28. Qg2 Bg5 29. Bd2 e5 30. Be1 Rd8 31. Qe2 Bh4 32. Rd1 Rd6 33. Rd5 Bg3 34. Bxg3
fxg3 35. Nf1 Qh4 36. Rxd6 cxd6 37. Qd2 Nd8 38. Qxd6 Nf7 39. Qd7 Qg5 40. Kg2 b5
41. Nxg3 b4 42. cxb4 Qc1 43. Qe7 Qd2+ 44. Kh3 Qf4 45. a4 Kg8 46. Nf6+ Kg7 47.
Nfh5+ 1-0

[Event "European Online CC GpH"]
[Site "Tornelo INT"]
[Date "2021.03.28"]
[Round "6.5"]
[Board "1"]
[White "Mamedov, Rauf"]
[Black "Nagy, Gabor1"]
[Result "1/2-1/2"]
[WhiteTitle "GM"]
[BlackTitle "GM"]
[WhiteElo "2654"]
[BlackElo "2516"]
[WhiteTeam "Vugar Gashimov"]
[BlackTeam "KSK Rochade Eupen"]
[WhiteFideId "13401653"]
[BlackFideId "737119"]
[EventDate "2021.03.27"]
[EventType "team"]

1. e4 c5 2. Nf3 e6 3. c3 d5 4. exd5 Qxd5 5. d4 Nf6 6. Na3 Nc6 7. Nb5 Qd8 8. dxc5
Bxc5 9. Qxd8+ Kxd8 10. b4 Bb6 11. Nd6 Ke7 12. Nc4 Ne4 13. Nxb6 axb6 14. Bb2 f6
15. Bd3 Nd6 16. b5 Na5 17. Ba3 Rd8 18. O-O-O e5 19. Bb4 Be6 20. Bxh7 Nc4 21. Nd2
Kf7 22. Nxc4 Nxc4 23. Bb1 Rdc8 24. f4 exf4 25. Rhe1 Ne3 26. Rd4 Bxa2 27. g3 Bxb1
28. Kxb1 Rd8 29. Rxf4 Nd5 30. Rc4 Rd7 1/2-1/2

[Event "European Online CC GpH"]
[Site "Tornelo INT"]
[Date "2021.03.28"]
[Round "9.5"]
[Board "1"]
[White "Vaisser, Anatoly"]
[Black "Kuzubov, Yuriy"]
[Result "0-1"]
[WhiteTitle "GM"]
[BlackTitle "GM"]
[WhiteElo "2501"]
[BlackElo "2642"]
[WhiteTeam "Asnieres le grand Echiquier B"]
[BlackTeam "Greco-Notary Chess Team"]
[WhiteFideId "603252"]
[BlackFideId "14112906"]
[EventDate "2021.03.27"]
[EventType "team"]

1. d4 Nf6 2. c4 e6 3. Nc3 Bb4 4. e3 O-O 5. Bd3 c5 6. Ne2 d5 7. cxd5 cxd4 8. exd4
Nxd5 9. O-O Nc6 10. Be4 Re8 11. Nxd5 exd5 12. Bf3 Bf5 13. Ng3 Be4 14. Bxe4 dxe4
15. a3 Bf8 16. d5 Ne7 17. Nxe4 Qxd5 18. Nc3 Qc6 19. Bf4 Rad8 20. Qb3 Nf5 21. Qb5
Qc8 22. Rac1 Nd4 23. Qa4 Qg4 24. Bc7 Ne2+ 25. Kh1 Qxa4 26. Nxa4 Rd4 27. Nc3 Nxc1
28. Rxc1 Rd2 29. Bg3 Rxb2 30. h3 Bxa3 31. Ra1 Rb3 32. Nd5 Bc5 0-1